| 000 | 01368cam a2200325 i 4500 | ||
|---|---|---|---|
| 001 | 5847 | ||
| 003 | Mx-PuUPA | ||
| 005 | 20250722162926.0 | ||
| 008 | 140415s2020 mx gr 001 0 spa d | ||
| 020 | _a9786073034449 | ||
| 040 |
_aMx-PuUPA _bspa _cMx-PuUPA _dMx-PuUPA _erda |
||
| 041 | 0 | _aspa | |
| 245 | 0 | 0 |
_aAntologías para el estudio y la enseñanza de la ciencia política. _nVolumen III, _pLa metodología de la ciencia política / _cHerminio Sánchez de la Barquera y Arroyo, editor |
| 250 |
_aPrimera edición / _boctubre |
||
| 264 | 1 |
_aCiudad de México : _bUniversidad Nacional Autónoma de México, _c2020 |
|
| 300 |
_axi, 204 páginas ; _c23 cm |
||
| 336 |
_2rdacontent _atexto _btxt |
||
| 337 |
_2rdamedia _asin medio _bn |
||
| 338 |
_2rdacarrier _avolumen _bnc |
||
| 490 | 0 |
_aAntologías para el estudio y la enseñanza de la ciencia política ; _vIII |
|
| 490 | 0 |
_aDoctrina Jurídica ; _v899 |
|
| 650 | 7 |
_2armarc _aCiencias políticas _xEstudio y enseñanza |
|
| 650 | 7 |
_2armarc _aCiencias políticas _xMetodología |
|
| 650 | 7 |
_2armarc _aJurisprudencia _xMetodología |
|
| 700 | 1 |
_aSánchez de la Barquera y Arroyo, Herminio, _eeditor _93032 |
|
| 942 |
_2ddc _cLI _h320.071 _iA62 |
||
| 999 |
_c5847 _d5847 |
||